000
00294nam a2200121 a 4500
005
20140513081056.0
008
070202s19uu xx 00 eng d
050
_a
P
_b
LIF 2006
245
_a
Life cycle of a frog.
260
_b
Carson Dellosa,
_c
2006.
650
_a
Frog-
_x
cycle
999
_c
116517
_d
116517